000 00800nam a2200289Ia 4500
001 18891
003 IT-RoPAU
008 130308s9999 xx 000 0 und d
040 _aIT-RoPAU
040 _cIT-RoPAU
041 _aITALIANO
100 _aSchiatti Lamberto
100 _gCodice Aut. SPICS: 1497
245 _aLavagna luminosa (La): uno strumento povero ma efficace
245 _bDidattica e Audiovisivi-Dalla mitologia Alla Prassi
250 _a1a ed.
260 _aROMA
260 _bEdizioni Paoline
260 _c1983 [1° Ed.:1983 - Ed.Ling.Originale:1983]
300 _a"4 p. (prefazione: no ; testo: 4 [pagine: 174-177])"
650 _aDIDATTICA AUDIOVISIVA
650 _eCodice materia Spics: 4002
942 _cBK
957 _71
999 _c46010
_d46010
999 _bSI
999 _g1